000 01219cam a2200349 a 4500
003 CHAP
005 20220329142117.0
008 990721d1988 mx a r 00110 spa d
010 _a78585
011 _a79557
020 _a9687213108
035 _a89820
040 _cCHAP
082 0 4 _a333.95
_bI5
110 1 _aInstituto de Ecología. México
_959116
245 1 3 _aEl futuro del hombre en la naturaleza :
_bensayos sobre reservas de la biósfera
_c/por Instituto de Ecología
260 _aMéxico, D.F. :
_bInstituto de Ecología,
_c1988.
300 _a139 p. :
_bilus.
590 _aBATCH-UPD
_b10
_c20130110
_lUCH01
_h1825
590 _aBATCH-UPD
_b10
_c20130410
_lUCH01
_h1158
590 _aBATCH-UPD
_b10
_c20130914
_lUCH01
_h0636
590 _aCONVERSION
_b10
_c20130109
_lUCH01
_h1344
650 1 4 _aBiósfera.
_912844
650 1 4 _aMedio ambiente.
_974065
650 1 4 _aRecursos naturales.
_995172
901 _aBK
905 _aBlanca M. García O.
942 _cLIBRO
949 _a333.95 I5
_bBC
_cLIBRO
_d33724000729521
_eLIBRO
_fc.3
_h95869
_i89820
_sb
949 _a333.95 I5
_bBC
_cLIBRO
_d33724000729539
_eLIBRO
_fc.2
_h95868
_i89820
_si
949 _a333.95 I5
_bBC
_cLIBRO
_d33724000729547
_eLIBRO
_h95867
_i89820
_sb
999 _c78585
_d78585